Determinants of stock prices <the> case of Zimbabwe

Gespeichert in:
Bibliographische Detailangaben
1. Verfasser: Oyama, Tsuyoshi
Format: Buch
Sprache:Englisch
Veröffentlicht: Washington International Monetary Fund 1997
Schriftenreihe:IMF working paper WP/97/117
Schlagworte:
Tags: Tag hinzufügen
Keine Tags, Fügen Sie das erste Tag hinzu!

MARC

LEADER 00000nam a2200000 4500
001 c100061
005 20221124074527.0
041 0 |a eng 
044 |a US 
245 1 0 |a Determinants of stock prices  |b <the> case of Zimbabwe  |c Prepared by Tsuyoshi Oyama 
264 1 |a Washington  |b International Monetary Fund  |c 1997 
300 |a 44 s. 
490 1 |a IMF working paper  |v WP/97/117 
830 0 |a IMF working paper  |v WP/97/117 
610 2 0 |a akcie 
610 2 0 |a ceny 
610 2 0 |a trh finančný 
610 2 0 |a trh kapitálový 
610 2 0 |a modely 
610 2 0 |a modely regresné 
610 2 0 |a makroekonomika 
610 2 0 |a údaje štatistické 
610 2 0 |a ukazovatele ekonomické 
610 2 0 |a Zimbabwe 
610 2 0 |a Nigéria 
610 2 0 |a Afrika 
100 1 |a Oyama, Tsuyoshi